Statistics for Hestia Quiz

Click here to take the quiz!

General Stats

  • This quiz has been taken 14 times
  • The average score is 4 of 7

Answer Stats

Question Answer % Correct
What is she the goddess of?The Hearth
88%
What is her Roman form?Vesta
88%
Who is her mother?Rhea
63%
Who is her father?Cronus
50%
Where does she live?Delphi
38%
What is her sacred animal?Domestic Pig
38%
Sacred plant?Angel's Trumpet
0%

Score Distribution

Percentile by Number Answered

Percent of People with Each Score

Your Score History

You have not taken this quiz